• 首页
  • 本馆介绍
  • 公告通知
  • 最新文献
  • 馆藏检索
  • 电子资源
  • 读者导购
  • 参考咨询
  • 我的图书馆
  • 登录
  • 详细信息显示
  • 放入我的书架
  • 预约/预借图书
  • 作者相关作品
  • 分类相关作品
  • 丛书相关作品
  • 出版社相关作品

书目信息

  • 表格格式
  • 工作单格式
  • 卡片格式
题名:
楚辞魂 上
    
 
作者: 周殿富 选注
分册:  
出版信息: 长春   吉林人民出版社  2005
页数: 14, 348页
开本: 20cm
丛书名: 楚辞源流选集
单 册:
中图分类: I207.223
科图分类:
主题词: 古典诗歌--gu dian shi ge--中国--战国时代--选集
电子资源:
ISBN: 7-206-04094-2
000 01087nam 2200313 450
001 CAL 012005000009
005 20061106085326.45
010    @a7-206-04094-2@dCNY28.00
092    @aCN@b471334
099    @aCAL 012005000009
100    @a20051219d2005 ekmy0chiy0121 ea
101 0  @achi
102    @aCN@b220000
105    @aa z 000gy
200 1  @a楚辞魂 上@Achu ci hun shang@f周殿富选注@Fzhou dian fu xuan zhu
205    @a第2版
210    @a长春@c吉林人民出版社@d2005
215    @a14, 348页@c图@d20cm
225 2  @a楚辞源流选集@Achu ci yuan liu xuan ji@v一
330    @a该书分为屈原辞全译、屈原辞句注以及屈原辞图录三大部分。内容主要包括:《离骚》、《九歌》等译文及句注、图录。书末附全书各册底本与主要参考文献书目。
410  0 @12001 @a楚辞源流选集@v一
517 1  @a屈原辞译注图录@Aqu yuan ci yi zhu tu lu
605    @a楚辞@Achu ci@x文学研究
606 0  @a古典诗歌@Agu dian shi ge@y中国@z战国时代@j选集
690    @aI207.223@v4
701  0 @a周殿富@Azhou dian fu@4选注
801  0 @aCN@bLZJBOOK@c20061106
905    @aBZT@dI207.223@e1-1
906    @dCNY28.00@n0@r1
    
    楚辞魂 上/周殿富选注.-第2版.-长春:吉林人民出版社,2005
    14, 348页:图;20cm.-(楚辞源流选集;一)
    
    
    ISBN 7-206-04094-2:CNY28.00
    该书分为屈原辞全译、屈原辞句注以及屈原辞图录三大部分。内容主要包括:《离骚》、《九歌》等译文及句注、图录。书末附全书各册底本与主要参考文献书目。
●
相关链接 在五车中查询图书 在当当中查询图书 在豆瓣中查询图书


正题名:楚辞魂 上     索取号:I207.223/1-1         预约/预借

序号 登录号 条形码 馆藏地/架位号 状态 备注
1 520049   230096716   中心书库中库/打包BH0049/ [索取号:I207.223/1-1] 在馆    
2 520050   230096717   中心书库中库/打包BH0049/ [索取号:I207.223/1-1] 在馆    
3 520051   230096714   中心书库中库/打包BH0049/ [索取号:I207.223/1-1] 在馆    
4 520052   230096715   中心书库中库/打包BH0049/ [索取号:I207.223/1-1] 在馆    
5 520053   230096718   中心书库中库/打包BH0049/ [索取号:I207.223/1-1] 在馆    
6 520054   230096719   中心书库中库/打包BH0049/ [索取号:I207.223/1-1] 在馆    
7 520055   230100200   中心书库中库/打包BH0049/ [索取号:I207.223/1-1] 在馆    
8 520056   230100202   中心书库中库/打包BH0049/ [索取号:I207.223/1-1] 在馆    
9 520057   230100199   中心书库中库/打包BH0049/ [索取号:I207.223/1-1] 在馆    
10 520058   230100201   中心书库中库/打包BH1184/ [索取号:I207.223/1-1] 在馆    
11 520059   230100210   中心书库中库/打包BH0049/ [索取号:I207.223/1-1] 在馆    
12 520060   230100209   中心书库中库/打包BH0049/ [索取号:I207.223/1-1] 在馆    
13 520061   230098138   中心书库中库/打包BH0049/ [索取号:I207.223/1-1] 在馆    
山东省滨州职业学院图书馆 欢迎您!
大连网信软件有限公司© 版权所有